La locandiera
Αποθηκεύτηκε σε:
| Κύριος συγγραφέας: | |
|---|---|
| Μορφή: | Βιβλίο |
| Γλώσσα: | Italian |
| Δημοσίευση: |
Atene :
Perugia,
[197-?]
|
| Θέματα: | |
| Ετικέτες: |
Προσθήκη ετικέτας
Δεν υπάρχουν, Καταχωρήστε ετικέτα πρώτοι!
|
MARC
| LEADER | 00000nam a2200000 i 4500 | ||
|---|---|---|---|
| 001 | 1/38660 | ||
| 008 | 970918s ita d | ||
| 020 | |a 960-7180-15-1 | ||
| 035 | |a 1995 |c ΔΩΡΕΑ |l 10040820 | ||
| 040 | |a GR-MY-UA |b gre |e aacr | ||
| 041 | 0 | |a ita | |
| 082 | 0 | |a 852.6 | |
| 100 | 1 | |a Goldoni, Carlo |d 1707-1793. | |
| 245 | 1 | 3 | |a La locandiera / |c C. Goldoni |
| 260 | |a Atene : |b Perugia, |c [197-?] | ||
| 300 | |a 127 p.; |c 22 cm. | ||
| 650 | 0 | 0 | |a Italian drama. |
| 852 | |a INST |b SAMOS |e 19970918 |h 852.6 GOL |p 005300005988 |q 005300005988 |t BK |y 0 | ||
| 909 | |a Σ |b 035870 | ||